000
00301nam a22001337a 4500
008
181030b xxu||||| |||| 00| 0 eng d
020
_a
9780721606699
041
_a
eng
080
_a
618
100
_a
8
101
_a
GJIN
245
_a
Gynecologic Endoscopic Surgery
_c
Isaacson, K
942
_2
udc
_c
BK
999
_c
51169
_d
51169